| 000 | 00677nam a22002177a 4500 | ||
|---|---|---|---|
| 005 | 20170124110014.0 | ||
| 010 | _aB-181199 | ||
| 020 |
_c595.00 _a8180480089 |
||
| 035 | _aB-181199 | ||
| 037 | _bCen Lib/ Ret | ||
| 040 |
_aDPL _bEN |
||
| 082 |
_a351.00318 _bJHA |
||
| 100 |
_aJhamb, Chaman Lal _98413 |
||
| 245 |
_aChief ministers of Punjab : _cby Chaman Lal Jhamb _bsince independence / |
||
| 260 |
_aChandigarh _bArun publishing _c2003 |
||
| 270 |
_bChandigarh _aSCO 49-51, sectore -17C _e160017 |
||
| 300 |
_a256p. _c21cm(Hb) |
||
| 650 |
_aPolitical science _918428 |
||
| 650 |
_aPrime ministers _zPunjab _918429 |
||
| 942 |
_2ddc _cEN _h351.00318 _mJHA |
||
| 999 |
_c126767 _d126767 |
||